[Event "BUL-ch"]
[Site "Pernik"]
[Date "1983.??.??"]
[Round "13"]
[White "Georgiev, Kiril"]
[Black "Zahariev, Zahari"]
[Result "1/2-1/2"]
[WhiteElo "2420"]
[BlackElo "2260"]

1.d4 Nf6 2.c4 g6 3.Nc3 d5 4.Nf3 Bg7 5.cxd5 Nxd5 6.e4 Nxc3 7.bxc3 c5 8.Rb1 O-O
9.Be2 Bg4 10.O-O Qc7 11.Qb3 b6 12.Be3 Nd7 13.e5 Rac8 14.Rfe1 Rfd8 15.Ng5 c4
16.Qa4 Bxe2 17.Rxe2 Nf8 18.Rb4 Rd5 19.Ne4 b5 20.Qa6 Rb8 21.f4 Ne6 22.a4 Rb6
23.Qa5 a6 24.axb5 axb5 25.Reb2 Qc6 26.Nc5 Nc7 27.Rxc4 Rb8 28.Nd7 Qxc4 29.Nxb8 Bf8
30.Kf2 e6 31.Qa2 Qd3 32.Rd2 Qc4 33.Qxc4 bxc4 34.Ra2 Rb5 35.Nd7 Kg7 36.Bd2 Nd5
37.Ra4 Rb2 38.Ke1 Rb1+ 39.Ke2 Rb2 40.Kd1 Rb1+ 41.Ke2 Rb2 42.Rxc4 Nxf4+ 43.Ke3 Nxg2+
44.Kd3 Be7 45.Rc8 g5 46.Re8 Nf4+ 47.Ke3 Nd5+ 48.Kd3 Nf4+ 49.Bxf4 gxf4 50.Nc5 Bh4
51.Ke4 Bg5 52.Kf3 Rxh2 53.Ne4 h6 54.Nf2 Bh4 55.Ne4 Bg5  1/2-1/2

[Event "BUL-ch"]
[Site "Pernik"]
[Date "1983.??.??"]
[Round "14"]
[White "Velikov, Petar"]
[Black "Georgiev, Kiril"]
[Result "1/2-1/2"]
[WhiteElo "2460"]
[BlackElo "2420"]

1.d4 Nf6 2.Nf3 g6 3.g3 Bg7 4.Bg2 O-O 5.O-O d6 6.a4 a5 7.Nc3 Nbd7 8.e4 e5
9.dxe5 dxe5 10.h3 b6 11.Re1 Bb7 12.Qe2 Re8 13.Nh2 Nc5 14.Ng4 Nxg4 15.Qxg4 h5
16.Qd1 h4 17.Be3 Ne6 18.Qxd8 Raxd8 19.Nd5 Bxd5 20.exd5 Nd4 21.Bxd4 exd4 22.gxh4 Bf6
23.h5 gxh5 24.Bf3 h4 25.Kf1  1/2-1/2

[Event "BUL-ch"]
[Site "Pernik"]
[Date "1983.??.??"]
[Round "15"]
[White "Georgiev, Kiril"]
[Black "Semkov, Semko"]
[Result "1-0"]
[WhiteElo "2420"]
[BlackElo "2375"]

1.d4 Nf6 2.c4 e6 3.Nc3 Bb4 4.e3 O-O 5.Bd3 c5 6.Ne2 d5 7.cxd5 cxd4 8.exd4 Nxd5
9.Qc2 h6 10.O-O Be7 11.Nxd5 exd5 12.a3 Nc6 13.Be3 Bd6 14.Qd2 Qh4 15.g3 Qf6
16.f3 Bf5 17.Nc3 Ne7 18.Rf2 Bxd3 19.Qxd3 Nf5 20.Re1 Rae8 21.Nxd5 Qe6 22.Nc3 Nxe3
23.Rfe2 Qb3 24.Qb5 Qxb5 25.Nxb5 Bb8 26.Rxe3 Rxe3 27.Rxe3 a6 28.Nc3 Ba7 29.Ne2 Rd8
30.Rd3 Kf8 31.Kf2 Ke7 32.Ke3 Kd6 33.Rc3 Re8+ 34.Kd3 f5 35.Rb3 b5 36.a4 Rb8
37.axb5 axb5 38.Nc3 Kc6 39.Ra3 Bb6 40.b4 g6 41.d5+ Kd6 42.Ra6 g5 43.Nxb5+ Kxd5
44.Nc3+ Kc6 45.Na4 Rd8+ 46.Kc4  1-0

[Event "EU-chT Plovdiv"]
[Site "Plovdiv"]
[Date "1983.??.??"]
[Round "3"]
[White "Georgiev, Kiril"]
[Black "Littlewood, Paul E"]
[Result "1-0"]
[WhiteElo "2410"]
[BlackElo "2465"]

1.d4 Nf6 2.c4 e6 3.Nc3 Bb4 4.e3 c5 5.Ne2 cxd4 6.exd4 O-O 7.a3 Be7 8.d5 exd5
9.cxd5 Re8 10.Be3 Ng4 11.Bd4 d6 12.Ng3 Bf6+ 13.Be2 Nd7 14.O-O Bxd4 15.Qxd4 Ngf6
16.Rfe1 Ne5 17.Rad1 a6 18.Qb4 Re7 19.Nce4 Ne8 20.h3 Ng6 21.Qd4 Re5 22.Bh5 Bd7
23.Bxg6 hxg6 24.Qb4 Bc8 25.f4 Re7 26.Kh2 Bf5 27.Rc1 Rc7 28.Nc3 Rac8 29.Qb6 Nf6
30.Rcd1 Qd7 31.Rd2 Re8 32.Rxe8+ Nxe8 33.Nf1 Qc8 34.Ne3 Re7 35.Qd4 Qc7 36.Re2 Nf6
37.g4 Bc8 38.Nc4 Rxe2+ 39.Nxe2 Qe7 40.Nc3 b5 41.Ne3 Qc7 42.Kg3 Kf8 43.Kf3 Ke7
44.Ke2 Qc5 45.Qxc5 dxc5 46.b4 c4 47.Kf3 Kd6 48.a4 Bd7 49.h4 bxa4 50.Nxc4+ Kc7
51.g5 Ne8 52.Nb2 Kb6 53.Ke4 f6 54.Nc4+ Kc7 55.Kd4 Bb5 56.Nb2 Kb6 57.Nbxa4+ Bxa4
58.Nxa4+ Kb5 59.gxf6 gxf6 60.f5 g5 61.Nc3+ Kxb4 62.hxg5 fxg5 63.Ne4 g4 64.d6 Nxd6
65.Nxd6 g3 66.Ke3 g2 67.Kf2 Kc5 68.Nc4 Kd5 69.Kxg2 a5 70.Kf3 a4 71.Na3  1-0

[Event "EU-chT Plovdiv"]
[Site "Plovdiv"]
[Date "1983.??.??"]
[Round "4"]
[White "Schneider, Attila"]
[Black "Georgiev, Kiril"]
[Result "1/2-1/2"]
[WhiteElo "2385"]
[BlackElo "2410"]

1.d4 Nf6 2.c4 e6 3.Nc3 Bb4 4.e3 c5 5.Bd3 Nc6 6.Nf3 d5 7.O-O O-O 8.a3 Bxc3
9.bxc3 dxc4 10.Bxc4 Qc7 11.Ba2 e5 12.Qc2 e4 13.Nd2 Bf5 14.f3 Rae8 15.a4 Qd7
16.fxe4 Nxe4 17.Nxe4 Rxe4 18.Qf2 Bg6 19.Ba3 Rfe8 20.Bxc5 b6 21.d5 Ne5 22.Bd4 Ng4
23.Qd2 Nxe3 24.Bxe3 Rxe3 25.Bc4 Qd6 26.Bb5 R8e5 27.Rae1 Rxe1 28.Rxe1 f6 29.Rxe5 fxe5
30.h3 Kf8 31.c4 a5 32.Qe3 h6 33.Qf3+ Ke7 34.Qe3 Qc5 35.Qxc5+ bxc5 36.Kf2 Bf5
37.h4 Kd6 38.Ke3 Ke7 39.g3 Bh7 40.Bc6 Bc2 41.Bb5 Bf5 42.Kf3  1/2-1/2

[Event "EU-chT Plovdiv"]
[Site "Plovdiv"]
[Date "1983.??.??"]
[Round "5"]
[White "Fries Nielsen, Jens Ove"]
[Black "Georgiev, Kiril"]
[Result "1-0"]
[WhiteElo "2440"]
[BlackElo "2410"]

1.e4 c5 2.Nf3 d6 3.d4 cxd4 4.Nxd4 Nf6 5.Nc3 g6 6.Be2 Bg7 7.O-O O-O 8.Be3 Nc6
9.Nb3 Be6 10.f4 Qc8 11.Kh1 Rd8 12.Bf3 Bc4 13.Re1 e5 14.Nd5 exf4 15.Nxf4 Ne5
16.Nd2 d5 17.Nxc4 dxe4 18.Nxe5 Rxd1 19.Bxd1 g5 20.Nh3 Nd5 21.Bd4 Qc7 22.Rxe4 Re8
23.Bh5 Rxe5 24.Bxe5 Bxe5 25.Nxg5 Nf6 26.Bxf7+ Kh8 27.Rc4 Qd6 28.Bh5 Qd5 29.Nf7+ Kg7
30.Nxe5 Qxe5 31.Bf3 Qxb2 32.Rd1 Qb6 33.a4 a5 34.h3 Kg6 35.Be2 Kg7 36.Rf1 Qe6
37.Bd3 h5 38.Rc7+ Kh6 39.Rxb7 Ne4 40.Bxe4 Qxe4 41.Rb6+ Kg5 42.Rb5+ Kh4 43.Rb3 Qxc2
44.Rbf3 Kg5 45.Rf4 Qe2 46.h4+ Kg6 47.Rf6+ Kg7 48.Rf7+ Kg8 49.R7f5 Kg7 50.Kh2 Qc4
51.R1f4 Qc1 52.Rg5+ Kh6 53.Rf6+ Kh7 54.Rff5 Qc7+ 55.Re5 Kh6 56.Rxh5+ Kg6
57.Rg5+ Kh6 58.Rh5+ Kg6 59.Rf5 Kh6 60.g3 Qc2+ 61.Kh3 Qxa4 62.Rxa5 Qd1 63.Rf6+ Kg7
64.Raf5 Qh1+ 65.Kg4 Qd1+ 66.Kg5 Qd8 67.g4 Kh7 68.Kh5 Qe8+ 69.Rf7+ Kh8 70.Kh6  1-0

[Event "EU-chT Plovdiv"]
[Site "Plovdiv"]
[Date "1983.??.??"]
[Round "7"]
[White "Georgiev, Kiril"]
[Black "Stein, Bernd"]
[Result "1-0"]
[WhiteElo "2410"]
[BlackElo "2375"]

1.d4 Nf6 2.c4 d6 3.Nc3 Nbd7 4.Nf3 c6 5.Qc2 Qc7 6.Bg5 h6 7.Bh4 g5 8.Bg3 Nh5
9.e3 Nxg3 10.hxg3 Bg7 11.Be2 Nf6 12.b4 Bd7 13.O-O O-O 14.c5 a5 15.a3 axb4
16.axb4 b6 17.cxd6 exd6 18.Nb5 Qb8 19.Rxa8 Qxa8 20.Nxd6 Qb8 21.Nf5 Bxf5 22.Qxf5 Qd6
23.Rc1 Nd5 24.b5 c5 25.dxc5 bxc5 26.Rd1 Ne7 27.Qxf7+ Kxf7 28.Rxd6 Ra8 29.Bc4+ Ke8
30.Ra6  1-0

[Event "Wch U20"]
[Site "Kiljava"]
[Date "1984.??.??"]
[Round "?"]
[White "Hansen, Curt"]
[Black "Georgiev, Kiril"]
[Result "1-0"]
[WhiteElo "2485"]
[BlackElo "2430"]

1.d4 d5 2.c4 e6 3.Nc3 Nf6 4.Nf3 c5 5.cxd5 Nxd5 6.e3 Nc6 7.Bc4 cxd4 8.exd4 Be7
9.O-O O-O 10.Re1 Nxc3 11.bxc3 b6 12.Bd3 Bb7 13.h4 Bf6 14.Ng5 g6 15.Qg4 h5
16.Qg3 Ne7 17.Ba3 Rc8 18.Nxe6 fxe6 19.Rxe6 Rc7 20.Rae1 Rf7 21.Bxg6 Rd7 22.Bxf7+ Kxf7
23.Rxf6+ Kxf6 24.Qe5+ Kf7 25.Qe6+ Kf8 26.Qf6+  1-0

[Event "Lvov"]
[Site "Lvov"]
[Date "1984.??.??"]
[Round "1"]
[White "Georgiev, Kiril"]
[Black "Giorgadze, Tamaz"]
[Result "1/2-1/2"]
[WhiteElo "2430"]
[BlackElo "2495"]

1.d4 d5 2.c4 e6 3.Nc3 Nf6 4.Nf3 Be7 5.Bg5 O-O 6.e3 h6 7.Bh4 b6 8.Qc2 Bb7
9.Rd1 Nbd7 10.cxd5 Nxd5 11.Bg3 c5 12.Bb5 cxd4 13.Rxd4 Bc5 14.Rd1 N7f6 15.e4 a6
16.Bc4 Nb4 17.Qe2 Qc8 18.O-O b5 19.Bb3 Nh5 20.Be5 Nc6 21.Rc1 Be7 22.Nd5 Qd8
23.Bc7 Qe8 24.Ne5 exd5 25.Qxh5 dxe4 26.Bd5 Nd8 27.Ng6 Bg5 28.Bxb7 fxg6 29.Bd5+ Kh7
30.Qg4 Bxc1 31.Bxa8 Bxb2 32.Bxe4 Ne6 33.Bd6 Rf6 34.Re1 Ng5 35.Be7 Nxe4 36.Qxe4 Rf5
37.Qe6 Bd4 38.Re2 Qf7 39.Qxf7 Rxf7 40.Bb4 Rf6 41.g3 Rc6 42.Kg2 g5 43.Rd2 Rc4
44.a3 Kg6 45.Kf3 Kf5 46.h3 Ke6 47.Rd3 Ke5 48.Bf8 Rc7 49.Bd6+ Kxd6 50.Rxd4+ Kc5
51.Ke3 Re7+ 52.Kd3 Re1 53.Rb4 Ra1 54.Rb3 Ra2 55.Rc3+ Kb6 56.f4 gxf4 57.gxf4 a5
58.f5 Rg2 59.Kd4 b4 60.axb4 axb4 61.Rf3 Kb5 62.f6 gxf6 63.Rxf6 Rd2+ 64.Ke3 Rh2
65.Rxh6 b3 66.Rh8 b2 67.Rb8+ Kc4 68.Kf4 Kc3 69.Rc8+ Kd2 70.Rb8 Kc1 71.Kg4 b1=Q
72.Rxb1+ Kxb1 73.h4 Kc2 74.h5 Kd3 75.Kg5 Ke4 76.h6 Ke5 77.Kg6 Ke6 78.Kg7 Rg2+
79.Kf8 Rf2+ 80.Kg8 Rg2+ 81.Kf8 Rf2+ 82.Kg8 Kf6 83.h7 Rg2+ 84.Kf8 Rh2 85.Kg8  1/2-1/2

[Event "Lvov"]
[Site "Lvov"]
[Date "1984.??.??"]
[Round "2"]
[White "Horvath, Tamas"]
[Black "Georgiev, Kiril"]
[Result "0-1"]
[WhiteElo "2440"]
[BlackElo "2430"]

1.e4 c5 2.Nf3 d6 3.d4 cxd4 4.Nxd4 Nf6 5.Nc3 g6 6.g3 Nc6 7.Nde2 Bg7 8.Bg2 O-O
9.O-O Rb8 10.a4 a6 11.h3 b5 12.axb5 axb5 13.Nd5 Nd7 14.Ra2 e6 15.Ndf4 Qc7
16.Bd2 Nc5 17.Nc1 Bb7 18.Ncd3 Ra8 19.Rxa8 Rxa8 20.Re1 Na4 21.c3 Nc5 22.Qc2 Na5
23.Nxc5 dxc5 24.Nd3 c4 25.Nb4 Rd8 26.Bg5 Rd7 27.Rd1 Nb3 28.Be3 Bf8 29.Kf1 Bc5
30.Rxd7 Qxd7 31.Ke2 Bxb4 32.cxb4 Nd4+ 33.Bxd4 Qxd4 34.Qd2 e5 35.f4 Kg7 36.Qxd4 exd4
37.g4 f5  0-1

[Event "Lvov"]
[Site "Lvov"]
[Date "1984.??.??"]
[Round "4"]
[White "Vaganian, Rafael A"]
[Black "Georgiev, Kiril"]
[Result "1-0"]
[WhiteElo "2630"]
[BlackElo "2430"]

1.d4 Nf6 2.c4 e6 3.Nc3 Bb4 4.e3 c5 5.Bd3 Nc6 6.Ne2 d5 7.O-O dxc4 8.Bxc4 cxd4
9.exd4 O-O 10.a3 Be7 11.Qd3 a6 12.Ba2 b5 13.Bg5 b4 14.Bb1 g6 15.axb4 Nxb4
16.Qd2 Ra7 17.Na4 a5 18.Nc5 Ba6 19.Rd1 Bc4 20.Ra3 Re8 21.Ng3 Bd5 22.h4 Nd7
23.Bxe7 Qxe7 24.Nxd7 Rxd7 25.Qh6 Nc6 26.Nh5 f5 27.Rg3 Qxh4 28.Rg5 Kh8 29.Rxg6 Nxd4
30.Rxd4 Qxd4 31.Nf6 Rde7 32.Qg5 e5 33.Nxd5 hxg6 34.Nxe7 Rxe7 35.Qh6+  1-0

[Event "Lvov"]
[Site "Lvov"]
[Date "1984.??.??"]
[Round "6"]
[White "Eingorn, Vereslav S"]
[Black "Georgiev, Kiril"]
[Result "1-0"]
[WhiteElo "2475"]
[BlackElo "2430"]

1.Nf3 Nf6 2.c4 c5 3.Nc3 Nc6 4.d4 cxd4 5.Nxd4 e6 6.g3 Qb6 7.Nb3 Bb4 8.Bg2 Qa6
9.c5 b6 10.O-O bxc5 11.Be3 d5 12.Nxc5 Qa5 13.N3a4 Qb5 14.a3 Ba5 15.b4 Bd8
16.Nc3 Qb8 17.Qa4 Bd7 18.Nxd7 Kxd7 19.b5 Na5 20.b6+ Nc6 21.bxa7 Rxa7 22.Bxa7 Qxa7
23.Qxa7+ Nxa7 24.Rfb1 Bc7 25.Rb7 Ra8 26.Rc1 Nc6 27.Nb5 Rc8 28.e4 dxe4 29.Rd1+ Nd5
30.Rxd5+ exd5  1-0

[Event "Lvov"]
[Site "Lvov"]
[Date "1984.??.??"]
[Round "7"]
[White "Georgiev, Kiril"]
[Black "Mikhalchishin, Adrian"]
[Result "1/2-1/2"]
[WhiteElo "2430"]
[BlackElo "2480"]

1.d4 Nf6 2.c4 g6 3.Nc3 d5 4.Nf3 Bg7 5.Bf4 O-O 6.e3 c5 7.dxc5 Ne4 8.Rc1 Nxc3
9.bxc3 dxc4 10.Qxd8 Rxd8 11.Bxc4 Nd7 12.Bc7 Rf8 13.c6 bxc6 14.Nd4 Nb6 15.Bxb6 axb6
16.Nxc6 Bf6 17.Bd5 Ra3 18.O-O Ba6 19.Rfd1 Rc8 20.Rb1 e6 21.Bf3 Be2 22.Bxe2 Rxc6
23.c4 Rxa2 24.Kf1 Rb2 25.g3 Rxb1 26.Rxb1 Kf8 27.f4 h5 28.Kf2 Ke7 29.h3 Rd6
30.g4 hxg4 31.hxg4 g5 32.Kf3 gxf4 33.exf4 Bd4 34.g5 Bc5 35.Rd1 Rxd1 36.Bxd1 Ba3
37.Ke4  1/2-1/2

[Event "Lvov"]
[Site "Lvov"]
[Date "1984.??.??"]
[Round "8"]
[White "Romanishin, Oleg M"]
[Black "Georgiev, Kiril"]
[Result "1/2-1/2"]
[WhiteElo "2580"]
[BlackElo "2430"]

1.c4 e6 2.Nc3 d5 3.d4 Nf6 4.Bg5 Be7 5.e3 h6 6.Bxf6 Bxf6 7.cxd5 exd5 8.Bd3 O-O
9.Nge2 c6 10.O-O a5 11.Ng3 g6 12.f4 Kg7 13.f5 Nd7 14.Kh1 Bh4 15.e4 Bxg3 16.hxg3 Qg5
17.e5 c5 18.Bc2 Qxg3 19.Rf3 Qh4+ 20.Rh3 Qxd4 21.f6+ Nxf6 22.exf6+ Qxf6 23.Nxd5 Qxb2
24.Rc3 Be6 25.Rb1 Qxa2 26.Rxc5 Bxd5 27.Rxd5 Qc4 28.Rd4 Qc5 29.Rxb7 Ra6 30.Rf4 Qe5
31.Qf3 Rf6 32.Rxf6 Qxf6 33.Qxf6+ Kxf6 34.Bb3 a4 35.Bxa4 Kg5 36.Kh2 f5 37.Rb6 Rf6
38.Rxf6 Kxf6 39.Kg3 g5 40.Be8 Ke5 41.Kf3 Kd4 42.Bg6 Ke5 43.Ke3 Kf6 44.Bh5 Ke5
45.Be8 Kd5 46.Bf7+ Ke5 47.Bh5 Kf6 48.Kd4 g4  1/2-1/2

[Event "Lvov"]
[Site "Lvov"]
[Date "1984.??.??"]
[Round "11"]
[White "Dorfman, Josif D"]
[Black "Georgiev, Kiril"]
[Result "1/2-1/2"]
[WhiteElo "2515"]
[BlackElo "2430"]

1.c4 Nf6 2.Nc3 d5 3.cxd5 Nxd5 4.Nf3 Nxc3 5.bxc3 g6 6.g3 Bg7 7.Bg2 O-O 8.O-O c5
9.d3 Qc7 10.Be3 Nd7 11.Qa4 a6 12.Qh4 Re8 13.d4 e5 14.Rfd1 Rb8 15.Rd2 b5 16.dxc5 Nxc5
17.Bxc5 Qxc5 18.Ng5 h6 19.Ne4 Qc7 20.Rad1 Be6 21.g4 Qe7 22.g5 Red8 23.Nf6+ Kf8
24.Nh7+ Kg8 25.Nf6+  1/2-1/2

[Event "Lvov"]
[Site "Lvov"]
[Date "1984.??.??"]
[Round "13"]
[White "Tal, Mihail"]
[Black "Georgiev, Kiril"]
[Result "1/2-1/2"]
[WhiteElo "2620"]
[BlackElo "2430"]

1.Nf3 d5 2.d4 Nf6 3.c4 dxc4 4.e3 g6 5.Bxc4 Bg7 6.O-O O-O 7.Nc3 Nfd7 8.h3 Nb6
9.Bb3 Nc6 10.a3 e5 11.d5 Na5 12.Ba2 c6 13.e4 cxd5 14.Nxd5 Nxd5 15.Bxd5 Bd7
16.Bg5 Bf6 17.Bxb7 Nxb7 18.Bxf6 Qxf6 19.Qxd7 Nd6 20.Rac1 Nxe4 21.Qd5 Ng5
22.Nxe5 Rfd8 23.Ng4 Qf4 24.Qe5 Ne6 25.Rfd1 Qxe5 26.Nxe5 a5 27.Nc6 Rxd1+ 28.Rxd1 Ra6
29.Ne5 a4 30.Kf1 Rb6 31.Rd2 g5 32.Nc4 Rc6 33.Ne3 Kg7 34.Ke2 Kg6 35.Nd5 Rc5
36.g3 h5 37.Nc3 Re5+ 38.Kd3 Ra5 39.Kc4 Ra8 40.Re2 h4 41.Kb4 Rh8 42.gxh4 gxh4
43.Kxa4 Ra8+ 44.Kb4 Rb8+ 45.Ka5 Nd4 46.Re4 Nc6+ 47.Ka4 Rxb2 48.Rg4+ Kf5 49.Nd1 Rd2
50.Ne3+ Ke6 51.Kb5 Nd4+ 52.Kc5 Nc2 53.Re4+ Kd7 54.Rf4 Nxa3 55.Rxf7+ Ke6 56.Ra7 Nb1
57.Ra6+ Kf7 58.Ng4 Nc3 59.f3 Kg7 60.Nh6 Ne2 61.Nf5+ Kf7 62.Nd6+ Ke7 63.Nf5+ Kf7
64.Nd6+ Ke7 65.Nc4 Rd1 66.Rh6 Ng1  1/2-1/2

[Event "Plovdiv"]
[Site "Plovdiv"]
[Date "1984.??.??"]
[Round "2"]
[White "Georgiev, Kiril"]
[Black "Kindermann, Stefan"]
[Result "1-0"]
[WhiteElo "2430"]
[BlackElo "2470"]

1.d4 d5 2.c4 e6 3.Nc3 c5 4.cxd5 exd5 5.Nf3 Nc6 6.g3 Nf6 7.Bg2 Be7 8.O-O O-O
9.Bg5 cxd4 10.Nxd4 h6 11.Be3 Re8 12.a3 Bf8 13.Qb3 Re5 14.Rad1 Rh5 15.Bf3 Na5
16.Qa2 Bg4 17.Rd3 Rc8 18.Rfd1 Nc4 19.Bf4 Qd7 20.Bh1 Bc5 21.b4 Bb6 22.Nb3 Qe8
23.Nc5 Bxc5 24.bxc5 Ne5 25.Re3 Rxc5 26.Nxd5 Nfd7 27.f3 Be6 28.g4 Rxd5 29.Rxd5 Nf6
30.gxh5 Nxd5 31.Rxe5 Nxf4 32.Qd2 Qa4 33.Bg2 Nxg2 34.Kxg2 Qxa3 35.Ra5 Qe7
36.Rxa7 Qh4 37.Ra8+ Kh7 38.Qd3+ g6 39.hxg6+ fxg6 40.Qc3 g5 41.Qc7+  1-0

[Event "Plovdiv"]
[Site "Plovdiv"]
[Date "1984.??.??"]
[Round "5"]
[White "Georgiev, Krum"]
[Black "Georgiev, Kiril"]
[Result "0-1"]
[WhiteElo "2445"]
[BlackElo "2430"]

1.e4 c5 2.Nf3 d6 3.b3 Nc6 4.Bb2 e5 5.Bc4 g6 6.Nc3 Bg7 7.h4 h6 8.h5 g5 9.Nd5 Nge7
10.Nh2 O-O 11.Nf1 Nxd5 12.Bxd5 Ne7 13.Bc4 Kh8 14.Qe2 f5 15.f3 f4 16.g4 fxg3
17.Nxg3 Rf4 18.Qg2 Qf8 19.O-O-O Bd7 20.Rdf1 b5 21.Bd3 a5 22.Ne2 Rf6 23.Nc3 b4
24.Nd1 a4 25.Ne3 Ra7 26.Qe2 Qe8 27.Bc4 Nc6 28.Nd5 Rf8 29.Nb6 axb3 30.axb3 Nd4
31.Qd3 Bc6 32.c3 bxc3 33.dxc3 Nxb3+ 34.Bxb3 Qb8 35.Bc4 Rb7 36.Nd5 Bxd5 37.Bxd5 Rxb2
38.Qa6 g4 39.Qa1 Rg2 40.fxg4 Bf6 41.Rf5 Bg5+ 42.Kd1 Rxf5 43.gxf5 Rb2 44.f6 Bxf6  0-1

[Event "Plovdiv"]
[Site "Plovdiv"]
[Date "1984.??.??"]
[Round "7"]
[White "Hazai, Laszlo"]
[Black "Georgiev, Kiril"]
[Result "1/2-1/2"]
[WhiteElo "2460"]
[BlackElo "2430"]

1.e4 c5 2.Nf3 d6 3.d4 cxd4 4.Nxd4 Nf6 5.Nc3 g6 6.Be3 Bg7 7.f3 O-O 8.Qd2 Nc6
9.g4 e6 10.h4 d5 11.g5 Nh5 12.exd5 exd5 13.O-O-O Ng3 14.Rh2 Re8 15.Nce2 Nf5
16.Bg1 Be5 17.f4 Bg7 18.Bg2 Qb6 19.Bxd5 Nfxd4 20.Nxd4 Bg4 21.Nb3 Qb5 22.Bxc6 Qxc6
23.Re1 Rxe1+ 24.Qxe1 Re8 25.Qf1 Qe4 26.Bxa7 Ra8 27.Bc5 Rxa2 28.Ba3 Rxa3 29.bxa3 Qa4
30.Kb1 Qxa3 31.Qc1 Qb4 32.Rd2 Bc3 33.Rd8+ Kg7 34.Ra8 h5 35.Ka2 Kh7 36.Qe3 Be6
37.Qd3 Bd4 38.Kb1 Qe1+ 39.Nc1 Be3 40.Qa3 Bxf4 41.Qb2 Be5 42.Qb6 Bf4 43.Qb2 Be5
44.Qb6 Bf4 45.Qb2 Be5 46.Qb6 Qxh4 47.Qd8 Qb4+ 48.Nb3 Qe1+ 49.Nc1 Qb4+ 50.Nb3  1/2-1/2

[Event "Plovdiv"]
[Site "Plovdiv"]
[Date "1984.??.??"]
[Round "8"]
[White "Georgiev, Kiril"]
[Black "Inkiov, Ventzislav"]
[Result "1/2-1/2"]
[WhiteElo "2430"]
[BlackElo "2490"]

1.d4 Nf6 2.c4 e6 3.Nc3 d5 4.Bg5 Nbd7 5.e3 c6 6.cxd5 exd5 7.Bd3 Be7 8.Qc2 O-O
9.Nf3 Re8 10.O-O Nf8 11.a3 Ng6 12.Ne5 Ng4 13.Bxe7 Qxe7 14.Nxg4 Bxg4 15.Rae1 Qh4
16.f3 Bd7 17.Qf2 Qxf2+ 18.Kxf2 Ne7 19.g4 h6 20.h3 b6 21.f4 c5 22.f5 c4 23.Bc2 b5
24.Kg3 a5 25.f6 b4 26.fxe7 bxc3 27.bxc3 Rxe7 28.e4 Rae8 29.e5 Rb8 30.Rb1 Ree8
31.h4 Red8 32.h5 Be6 33.Ba4 Kf8 34.Kf4 Ke7 35.g5 hxg5+ 36.Kxg5 Rh8 37.Bc2 Bd7
38.Rxb8 Rxb8 39.Rb1 Rxb1 40.Bxb1 Bc8 41.Bc2 Bd7 42.Bd1 Bb5 43.Bg4 Bc6 44.e6 Be8
45.exf7 Bxf7 46.Kf5 Kd6 47.Bf3 Be8 48.Bd1 Bf7 49.Kg5 Ke6 50.Bc2 Ke7 51.Bg6 Be6
52.Bf5  1/2-1/2

[Event "Plovdiv"]
[Site "Plovdiv"]
[Date "1984.??.??"]
[Round "10"]
[White "Georgiev, Kiril"]
[Black "Plaskett, Jim"]
[Result "1-0"]
[WhiteElo "2430"]
[BlackElo "2475"]

1.Nf3 Nf6 2.c4 e6 3.Nc3 Bb4 4.Qc2 O-O 5.a3 Bxc3 6.Qxc3 b6 7.g3 Bb7 8.Bg2 d5
9.b4 a5 10.Bb2 axb4 11.axb4 Rxa1+ 12.Bxa1 dxc4 13.Qxc4 Qd5 14.Qf4 Qe4 15.Qxe4 Nxe4
16.d3 Nd6 17.Kd2 Nc6 18.Kc3 Ra8 19.Kb3 Nb5 20.Bb2 e5 21.Rc1 f6 22.Bh3 Rd8
23.Bf5 Ne7 24.Be6+ Kf8 25.Nd2 Nc6 26.Nf3 Ke7 27.Bf5 Nca7 28.Be4 Bxe4 29.dxe4 Ke6
30.g4 Rd7 31.e3 Nd6 32.Nd2 Nf7 33.Kc2 Nc6 34.Bc3 Nd6 35.f3 Nb5 36.Nc4 Rd8
37.Ra1 h5 38.Rg1 Rh8 39.h4 Kf7 40.Bd2 hxg4  1-0

[Event "Plovdiv"]
[Site "Plovdiv"]
[Date "1984.??.??"]
[Round "11"]
[White "Donchev, Dimitar I"]
[Black "Georgiev, Kiril"]
[Result "1-0"]
[WhiteElo "2490"]
[BlackElo "2430"]

1.Nf3 d5 2.d4 Nf6 3.c4 e6 4.Nc3 Be7 5.Bg5 h6 6.Bh4 O-O 7.e3 b6 8.Rc1 Bb7
9.Bxf6 Bxf6 10.cxd5 exd5 11.g3 c5 12.Bg2 Qe7 13.O-O Rd8 14.Qc2 Nc6 15.Rfd1 c4
16.Qb1 Nb4 17.Ne1 Bc6 18.a3 Na6 19.e4 dxe4 20.Nxe4 Bd5 21.Nxf6+ Qxf6 22.Bxd5 Rxd5
23.Rxc4 b5 24.Qe4 Rad8 25.Rc8 Rxd4 26.Qxd4 Rxc8 27.Qxf6 gxf6 28.Rd6 Nc5 29.Rxf6 Ne6
30.Rxh6 Rc1 31.Kf1 Rb1 32.Rh4 Rxb2 33.Rb4 Ra2 34.Rxb5 Rxa3 35.Nc2 Ra2 36.Ne3 Nd4
37.Rg5+ Kf8 38.h4 Ra6 39.Rd5 Ne6 40.Nf5 Rc6 41.Nd4 Rc1+ 42.Kg2 Nc5 43.Rd8+ Kg7
44.Ra8 Rd1 45.Nf5+ Kf6 46.g4 Nd3 47.Rxa7 Rd2 48.Nd6 Rxf2+ 49.Kg3 Re2 50.Kf3 Rh2
51.Kg3 Re2 52.Kf3 Rd2 53.Ne8+ Kg6 54.Ra6+ Kh7 55.Kg3 Rc2 56.h5 Ne5 57.g5 Rc3+
58.Kf4 Nd3+ 59.Kf5 Rc5+ 60.Kf6 Ne5 61.Ke7 Ng4 62.Nf6+ Nxf6 63.Kxf6 Rc7 64.Rd6 Ra7
65.Rd4 Rb7 66.g6+ Kh6 67.gxf7  1-0

[Event "Plovdiv"]
[Site "Plovdiv"]
[Date "1984.??.??"]
[Round "12"]
[White "Georgiev, Kiril"]
[Black "Velikov, Petar"]
[Result "0-1"]
[WhiteElo "2430"]
[BlackElo "2465"]

1.d4 d5 2.c4 e6 3.Nc3 Bb4 4.a3 Bxc3+ 5.bxc3 Ne7 6.e3 O-O 7.Bd3 c5 8.Ne2 Nbc6
9.O-O dxc4 10.Bxc4 e5 11.Bb2 Na5 12.Bd3 Be6 13.e4 Bc4 14.a4 Rc8 15.f4 exd4
16.cxd4 cxd4 17.f5 Nec6 18.f6 gxf6 19.Ra3 Kh8 20.Qa1 Nb3 21.Qd1 Bxd3 22.Rxb3 Bxe4
23.Nxd4 Rg8 24.Rf2 Rg6 25.Rd2 Ne5 26.g3 Nc4 27.Rf2 Nxb2 28.Rbxb2 Rc3 29.Rbd2 Qe7
30.Nb5 Re3 31.Rde2 Qc5 32.Rd2 Bc6 33.Nd6 Rc3 34.Qe2 Rc1+ 35.Rd1 Qd5 36.Rff1 Qh1+
37.Kf2 Qxh2+ 38.Ke1 Qxg3+ 39.Rf2 Qc3+ 40.Qd2 Rxd1+ 41.Kxd1 Bxa4+ 42.Ke2 Qe5+
43.Kf1 Bb5+  0-1

[Event "BUL-ch"]
[Site "Sofia"]
[Date "1984.??.??"]
[Round "?"]
[White "Lukov, Valentin"]
[Black "Georgiev, Kiril"]
[Result "1/2-1/2"]
[WhiteElo "2430"]
[BlackElo "2515"]

1.e4 c5 2.Nf3 d6 3.d4 cxd4 4.Nxd4 Nf6 5.Nc3 g6 6.g3 Nc6 7.Nde2 Bg7 8.Bg2 O-O
9.O-O Rb8 10.a4 a6 11.Nd5 b5 12.axb5 axb5 13.c3 b4 14.Nd4 Nxd4 15.Nxf6+  1/2-1/2

[Event "BUL-ch"]
[Site "Sofia"]
[Date "1984.??.??"]
[Round "?"]
[White "Georgiev, Kiril"]
[Black "Donchev, Dimitar I"]
[Result "1/2-1/2"]
[WhiteElo "2515"]
[BlackElo "2505"]

1.c4 e5 2.Nc3 Nc6 3.Nf3 Nf6 4.g3 Bb4 5.Nd5 Bc5 6.Bg2 d6 7.O-O h6 8.b3 Nxd5
9.cxd5 Nd4 10.e3 Nxf3+ 11.Qxf3 O-O 12.Bb2 a5 13.d4 exd4 14.Bxd4 Bxd4 15.exd4 Re8
16.Rfe1 Rxe1+ 17.Rxe1 Bd7 18.Qc3 b5 19.a3 Qb8 20.b4 axb4 21.axb4 Ra4 22.h4  1/2-1/2

[Event "BUL-ch"]
[Site "Sofia"]
[Date "1984.??.??"]
[Round "?"]
[White "Georgiev, Kiril"]
[Black "Inkiov, Ventzislav"]
[Result "1/2-1/2"]
[WhiteElo "2515"]
[BlackElo "2475"]

1.Nf3 Nf6 2.c4 e6 3.d4 d5 4.Bg5 Bb4+ 5.Nc3 h6 6.Bxf6 Qxf6 7.Qa4+ Nc6 8.a3 Bxc3+
9.bxc3 O-O 10.e3 dxc4 11.Bxc4 a6 12.O-O Bd7 13.Ba2 Rfd8 14.Nd2 e5 15.Qb3 Be6
16.Qc2 Bxa2 17.Ne4 Qe7 18.Rxa2 b6 19.Rd1 Na5 20.a4  1/2-1/2

[Event "BUL-ch"]
[Site "Sofia"]
[Date "1984.??.??"]
[Round "?"]
[White "Georgiev, Kiril"]
[Black "Radev, Nikolai"]
[Result "1-0"]
[WhiteElo "2515"]
[BlackElo "2325"]

1.d4 Nf6 2.c4 c5 3.d5 e6 4.Nc3 exd5 5.cxd5 d6 6.e4 g6 7.f3 Bg7 8.Bg5 O-O
9.Qd2 a6 10.a4 Nbd7 11.Nh3 Rb8 12.Nf2 Re8 13.Be2 Qc7 14.O-O h5 15.Bh6 Bh8
16.Be3 Nf8 17.a5 N6h7 18.Na4 f5 19.Rac1 fxe4 20.fxe4 Nf6 21.Bd3 Qe7 22.e5 Qxe5
23.Rfe1 Bf5 24.Bxc5 Ne4 25.Bxe4 dxc5 26.Bxf5 Qxf5 27.Nxc5 Rxe1+ 28.Rxe1 Rd8
29.Rd1 Be5 30.b4 Qf7 31.Nfe4 Nh7 32.d6 Nf6 33.Nxf6+ Qxf6 34.d7  1-0

[Event "BUL-ch"]
[Site "Sofia"]
[Date "1984.??.??"]
[Round "?"]
[White "Georgiev, Kiril"]
[Black "Spassov, Liuben"]
[Result "1-0"]
[WhiteElo "2515"]
[BlackElo "2460"]

1.d4 Nf6 2.c4 e6 3.Nc3 Bb4 4.e3 O-O 5.Bd3 c5 6.Ne2 d5 7.O-O Nc6 8.cxd5 exd5
9.a3 cxd4 10.axb4 dxc3 11.b5 Ne5 12.Nxc3 Bg4 13.f3 d4 14.Bxh7+ Nxh7 15.Qxd4 Nxf3+
16.gxf3 Qxd4 17.exd4 Bh3 18.Re1 Rfd8 19.d5 a6 20.Bf4 axb5 21.Bc7 Rdc8 22.Rxa8 Rxa8
23.Nxb5 Nf6 24.Rd1 Ra2 25.Be5 Ra5 26.Nc3 Nd7 27.Bd4 f6 28.Kf2 Bf5 29.Rd2 Kf7
30.h4 Bh3 31.Re2 Bf5 32.b4 Ra6 33.Rd2 Bh3 34.Ne4 Ke7 35.Kg3 Bf1 36.Bc5+ Kd8
37.h5 b6 38.Bd4 Ra3 39.h6 gxh6 40.Bxf6+ Ke8 41.Bc3 Kf7 42.Kf4 Kg6 43.Rd1 Be2
44.Rg1+ Kf7 45.Re1 Bd3  1-0

[Event "BUL-ch"]
[Site "Sofia"]
[Date "1984.??.??"]
[Round "?"]
[White "Georgiev, Kiril"]
[Black "Stefanov, Krasimir"]
[Result "1-0"]
[WhiteElo "2515"]
[BlackElo "2280"]

1.d4 Nf6 2.c4 e6 3.Nc3 Bb4 4.e3 Bxc3+ 5.bxc3 O-O 6.Bd3 d6 7.e4 e5 8.Ne2 Re8
9.f3 Nbd7 10.O-O Nf8 11.Be3 b6 12.a4 c5 13.a5 Ba6 14.d5 N8d7 15.axb6 axb6
16.Ng3 Qc7 17.Qd2 Bb7 18.Nf5 g6 19.Bg5 Rxa1 20.Rxa1 Ra8 21.Rf1 Ne8 22.Nh6+ Kg7
23.h4 f6 24.Be3 Qd8 25.h5 Nf8 26.hxg6 hxg6 27.Ng4 Kg8 28.f4 exf4 29.Bxf4 Bc8
30.Nxf6+ Nxf6 31.Bg5 Nxe4 32.Bxe4 Qe8 33.Qf4 Bd7 34.Bh6 Qe7 35.Bg5 Qe8 36.Bd3 Ra2
37.Bh6 Bf5 38.Bxf5 gxf5 39.Qxf5 Ng6 40.Qf6 Ra7 41.Qxd6 Kh7 42.Bg5 Ra2 43.Qc7+ Kg8
44.Bh6 Rxg2+ 45.Kxg2 Qe4+ 46.Kf2 Qh4+ 47.Ke2 Qg4+ 48.Kd3  1-0

[Event "BUL-ch"]
[Site "Sofia"]
[Date "1984.??.??"]
[Round "?"]
[White "Georgiev, Krum"]
[Black "Georgiev, Kiril"]
[Result "1-0"]
[WhiteElo "2455"]
[BlackElo "2515"]

1.e4 c5 2.Nf3 d6 3.b3 Nc6 4.Bb2 e5 5.Bc4 Be6 6.Nc3 Nf6 7.Ng5 Bxc4 8.bxc4 Be7
9.O-O O-O 10.d3 Nd4 11.Nf3 Qd7 12.Nd2 Ne6 13.g3 Ne8 14.Nd5 Bd8 15.Kh1 N8c7
16.f4 exf4 17.Qg4 fxg3 18.Rg1 f6 19.Rxg3 Rf7 20.Ne3 Kh8 21.Rag1 Ne8 22.Nf5 g6
23.Qh4 Nf8 24.Nf3 Ng7 25.Nh6 Nge6 26.Nxf7+ Qxf7 27.Qh6 Kg8 28.Rf1 Qg7 29.Qe3 Nd7
30.Nh4 Ne5 31.Nf5 Qf8 32.Qg1 Kh8 33.Ne3 Qg7 34.Qf2 Rb8 35.Nd5 b5 36.cxb5 Rxb5
37.Bc3 Rb7 38.Qg2 Nc7 39.Nf4 Qf7 40.Bxe5 dxe5 41.Nxg6+ hxg6 42.Rxg6  1-0